Statistics for Obscure Directors by Famous Movies

Click here to take the quiz!

General Stats

  • This quiz has been taken 146 times
  • The average score is 5 of 10

Answer Stats

HintAnswer% Correct
The Silence of the Lambs, PhiladelphiaJonathan Demme
86%
The Adventures of Robin Hood, CasablancaMichael Curtiz
63%
Gone with the Wind, The Wizard of OzVictor Fleming
60%
Cabaret, LennyBob Fosse
54%
The English Patient, Cold MountainAnthony Minghella
51%
The Decalogue, Three Colors (Trilogy)Krzysztof Kieślowski
49%
Rocky, Karate KidJohn G. Avildsen
44%
GoldenEye, Casino RoyaleMartin Campbell
29%
Tender Mercies, Driving Miss DaisyBruce Beresford
14%
Saturday Night Fever, WarGamesJohn Badham
12%

Score Distribution

Percentile by Number Answered

Percent of People with Each Score

Your Score History

You have not taken this quiz